Word Ladder: Trees Quiz Stats

 Plays Quiz Updated Jul 2, 2012

     
Support Sporcle.
Go Orange.
Score 0/38 Timer 03:00
0 Plays Today
Clue Word % Correct
☀This typically falls off a tree in autumn☀☀LEAF☀
98.9%
Beethoven disabilityDEAF
98.7%
LifelessDEAD
98.4%
To interpret written materialREAD
93.3%
☀Public space, usually has many trees☀☀PARK☀
89.7%
☀Protective outer sheath of a tree trunk☀☀BARK☀
89%
☀One represents a year of a tree's lifetime☀☀RING☀
87.9%
Section of the wholePART
85.4%
☀Type of tree that has needle leaves☀☀PINE☀
84.6%
☀Part of the tree that grows underground☀☀ROOT☀
82.6%
Owl callHOOT
81.4%
Without colorPALE
81.2%
☀2011 film: The Tree of ____☀LIFE☀
81%
Heap of thingsPILE
81%
Movie starring Russell Crowe: Robin ____HOOD
80.6%
☀Type of tree found in tropical countries☀☀PALM☀
78.7%
16 fluid ouncesPINT
77.7%
A short, quick breathPANT
75.4%
A short high-pitched ringing soundPING
72.9%
Clue Word % Correct
Hair forming the coat of a sheepWOOL
72.9%
Elevate to a higher positionLIFT
72.3%
☀Edge of the habitat at which trees are capable of growing: Tree ____☀LINE☀
71.9%
Silly personFOOL
69.9%
Ointment used to soothe the skinBALM
69.6%
☀Hard, fibrous tissue found in many trees☀☀WOOD☀
68.1%
The tough outer layer of somethingRIND
67.8%
Tear into piecesREND
66.5%
Travel on a boatSAIL
65.9%
Unruly crowdRIOT
64.7%
To block or frustrateBALK
64.6%
Mary-Kate Olsen, e.g.TWIN
64.4%
Part of the leg below the kneeSHIN
62.7%
SkinnyTHIN
62.7%
☀Material in which trees have their roots☀☀SOIL☀
62.4%
☀A small branch☀☀TWIG☀
61.6%
Crack or split in somethingRIFT
60.1%
Prevent something from succeedingFOIL
58.8%
To blessSAIN
47.7%

Today's Daily Dose

Missing Word
Brands of Alcohol

Word Ladder
A Little Room?

Get the Picture
SpongeBob Rivalry

From the Vault

'E' in History

by wiggytitch

History 5m
If you get 100% you might be some sort of...er...smart guy.
Remove Ads.
Support Sporcle.
Get the best of Sporcle when you Go Orange. This ad-free experience offers more features, more stats, and more fun while also helping to support Sporcle. Thank you for becoming a member.

Show Comments

Extras

Top Quizzes Today


Score Distribution

Your Account Isn't Verified!

In order to create a playlist on Sporcle, you need to verify the email address you used during registration. Go to your Sporcle Settings to finish the process.

Report this User

Report this user for behavior that violates our Community Guidelines.

Details: